Kiinan historia -visa - Statistics

Yleistilastot
  • Tätä visaa on pelattu 302 kertaa
  • Keskiarvotulos 14 / 32
Vastaustilastot
Vihje Vastaus % Oikein
Kiinan ensimmäinen kommunistinen johtaja Mao Zedong
87%
Pohjoisten valloittajien esteeksi tarkoitettu rakennelma Kiinan muuri
84%
Yhdistyneen kuningaskunnan vuosina 1842-1997 hallitsema territorio Hongkong
80%
Kiinalaisen sivilisaation kehdoksi kutsuttu joki Keltainenjoki
80%
1644–1911 Qing
77%
Kiinaan paljon vaikuttanut intialainen uskonto Buddhalaisuus
71%
Neljä suurta muinaista pääkaupunkia Peking
70%
1368–1644 Ming
66%
Kiinan vuonna 1951 miehittämä alue Tiibet
66%
Antiikin Kiinan neljä suurta keksintöä Ruuti
64%
Antiikin Kiinan neljä suurta keksintöä Paperinvalmistus
62%
Kiina kävi kaksi sotaa länsimaita vastaan, koska ne halusivat viedä maahan tätä huumetta Oopiumi
61%
Ehkä Kiinan historian vaikutusvaltaisin filosofi Kungfutse
47%
Kiinan valloittanut mongolialainen kaani Kublai-kaani
40%
Kommunistinen ohjelma, jonka tarkoituksena oli päästä eroon perinteisestä elämäntavasta {Kulttuuri}vallankumous
33%
Antiikin Kiinan neljä suurta keksintöä Kompassi
31%
Taolaisuuden perustaja Laozi
30%
Neljä suurta muinaista pääkaupunkia Chang'an
29%
202 eaa.–220 Han
29%
Neljä suurta muinaista pääkaupunkia Nanjing
29%
Noin 30 miljoonaa kiinalaista kuoli tämän kommunistisen talousohjelman aiheuttamassa nälänhädässä {Suuri} {harppaus}
28%
Antiikin Kiinan neljä suurta keksintöä Painatus
27%
Kiinan kiinankielisen nimen merkitys, joka kuvastaa maan sijaintia {Keski}valtakunta
24%
Taiwaniin paennut Kiinan sotilasjohtaja Tšiang Kai-šek
23%
960–1279 Song
21%
Kiinan keisareiden mukaan tämä oikeutti heidät hallitsemaan maata {Taivaan} mandaatti
20%
Käsitteen "sosialismi kiinalaisin erityispiirtein" käyttöön ottanut Kiinan johtaja Deng Xiaoping
18%
618–907 Tang
14%
1271–1368 Yuan
14%
Antiikin aikaan rakennettu kanava, joka on edelleen maailman pisin {Keisarin}kanava
12%
1400-luvulla lukuisia matkoja Aasiassa džonkeilla tehnyt tutkimusmatkailija Zheng He
8%
Neljä suurta muinaista pääkaupunkia Luoyang
7%
Ehtoja vastaavia visoja ei löytynyt
Tulosjakauma
Jokaisen tuloksen saaneiden osuus
Persentiili vastausten määrän mukaan
Tuloshistoriasi
Et ole pelannut tätä visaa